विजुअल बेसिक / (Record no. 119732)

MARC details
000 -LEADER
fixed length control field 01144nam a22002537a 4500
005 - DATE AND TIME OF LATEST TRANSACTION
control field 20170124103147.0
010 ## - LIBRARY OF CONGRESS CONTROL NUMBER
LC control number B-076755
020 ## - INTERNATIONAL STANDARD BOOK NUMBER
Terms of availability 60.00
035 ## - SYSTEM CONTROL NUMBER
System control number B-076755
037 ## - SOURCE OF ACQUISITION
Source of stock number/acquisition Cen Lib/Ret
040 ## - CATALOGING SOURCE
Original cataloging agency DPL
Language of cataloging HN
082 ## - DEWEY DECIMAL CLASSIFICATION NUMBER
Classification number 005.3
Item number चतुर्वे
100 ## - MAIN ENTRY--PERSONAL NAME
Personal name चतुर्वेदी, दीप्ती
9 (RLIN) 113357
245 ## - TITLE STATEMENT
Title विजुअल बेसिक /
Statement of responsibility, etc दीप्ती चतुर्वेदी
246 ## - VARYING FORM OF TITLE
Title proper/short title Visual basic /
Remainder of title by Dipti Chaturvedi
260 ## - PUBLICATION, DISTRIBUTION, ETC. (IMPRINT)
Place of publication, distribution, etc भोपाल
Name of publisher, distributor, etc मध्यप्रदेश हिंदी ग्रन्थ अकादेमी
Date of publication, distribution, etc 2002
270 ## - ADDRESS
City भोपाल
Address रविंद्रनाथ ठाकुर मार्ग, बानगंगा
Postal code 462003
300 ## - PHYSICAL DESCRIPTION
Extent 158पृ.
Dimensions 22सेमी(सजिल्द )
650 ## - SUBJECT ADDED ENTRY--TOPICAL TERM
Topical term or geographic name as entry element कंप्यूटर विज्ञान
General subdivision
Geographic subdivision
9 (RLIN) 113358
650 ## - SUBJECT ADDED ENTRY--TOPICAL TERM
Topical term or geographic name as entry element विजुअल बेसिक--डाटा प्रकार
9 (RLIN) 76404
650 ## - SUBJECT ADDED ENTRY--TOPICAL TERM
Topical term or geographic name as entry element Computer Science
9 (RLIN) 113359
650 ## - SUBJECT ADDED ENTRY--TOPICAL TERM
Topical term or geographic name as entry element Visual Basic - Data Types
9 (RLIN) 86599
942 ## - ADDED ENTRY ELEMENTS (KOHA)
Source of classification or shelving scheme Dewey Decimal Classification
Koha item type Hindi Books
Classification part 005.3
Call number suffix चतुर्वे
Holdings
Withdrawn status Lost status Damaged status Not for loan Home library Current library Date acquired Source of acquisition Cost, normal purchase price Total Checkouts Full call number Barcode Date last seen Copy number Cost, replacement price Price effective from Koha item type
        Central Library Central Library 18/09/2015 Cen Lib/Ref 60.00   005.3 चतुर्वे B-076755 18/09/2015 1 60.00 18/09/2015 Hindi Books

© Delhi Public Library
Hit Counter
free hit counter